[Event "Blumenau Region-ch sf"]
[Site "Blumenau"]
[Date "2015.11.01"]
[Round "5"]
[White "Santos, Marcus Vinicius M"]
[Black "Mekhitarian, Krikor Sevag"]
[Result "0-1"]
[WhiteElo "2357"]
[BlackElo "2551"]
[Annotator "Mekhitarian,K"]
[PlyCount "114"]
[EventDate "2015.10.30"]
[EventType "swiss"]
[EventRounds "7"]
[EventCountry "BRA"]
[SourceTitle "CBM 170"]
[Source "ChessBase"]
[SourceDate "2016.01.15"]
[SourceVersion "1"]
[SourceVersionDate "2016.01.15"]
[SourceQuality "1"]

1. d4 Nf6 2. c4 e6 3. Nc3 Bb4 4. e3 O-O 5. Nge2 d5 6. a3 Be7 (6... Bd6 {
With this move I lost a game against my opponent exactly 3 months before. This
time, I had an idea with 6...Be7.}) 7. cxd5 exd5 8. Nf4 c6 9. Bd3 Re8 10. O-O
Nbd7 11. f3 {This is a very classical-looking position, similar to the ones
arising from the Queen's Gambit Declined, when White's bishop is normally
still on e2, and White goes for e4 directly or prepares it with other moves,
but the pawn structure is the same.} Nf8 12. Bc2 Bd6 $5 $146 {Seen already in
5 correspondence games, this is the move I had prepared. It provokes e4 even
more, but the resulting position with the mobile centre is even more tense
with all the minor pieces in play (compared to 12...Ne6).} (12... Ne6 {is by
far the most played move here} 13. Nxe6 Bxe6 14. e4 dxe4 15. fxe4 {White gets
the centre, and Black can start hitting it with moves like Qb6, Bg4, c5, the
position remains tense and very complex.}) 13. e4 $5 {Other preparatory moves
were possible as well, but in that case, Bd6 is useful to inhibit White's
central advance, Ng6 could be a possible follow-up.} dxe4 14. fxe4 Bg4 15. Qd3
c5 $1 16. e5 $5 {Of course the most attractive move, and the one I spent more
time analysing at home.} (16. d5 {was played in one of the aforementioned
games, but it seemed anti-natural for me, giving a comfortable position to
Black already with the strong e5-square.} N8d7 $1 17. h3 Ne5 18. Qe3 Bd7 $15 {
0-1 (40) Cumming,D (2319)-O'Grady,J (2348) ICCF 2012}) (16. h3 cxd4 17. Qxd4
Rc8 $1 $36 {1/2-1/2 (27) Gleichmann,M (2528)-Kruis,R (2486) ICCF 2012}) 16...
cxd4 17. exf6 (17. exd6 {was the alternative} dxc3 18. Be3 cxb2 19. Rab1 Rc8
$13) 17... dxc3 18. fxg7 Ng6 19. Nd5 $2 {I hadn't considered this move in my
preparation before the game, so I had to start thinking here.} (19. Nxg6 {
would allow a better endgame for Black} Bc5+ 20. Kh1 Qxd3 21. Bxd3 hxg6 22.
bxc3 Kxg7 $17) 19... Be2 $6 {This allows White to survive with a correct 21st
move.} (19... Bc5+ $1 {was winning right away} 20. Kh1 Be2 21. Qf5 Bxf1 22.
Nf6+ (22. Bg5 Re5 $19 {similar to the game}) 22... Qxf6 $1 23. Qxf6 Re1 {
with deadly threats} 24. Be3 Rxa1 25. Bxc5 Bd3+ 26. Bg1 Bxc2 27. Qxc3 Be4 $19)
20. Qf5 Bxf1 21. Bg5 $2 (21. Nf6+ $1 {was the only move, getting back some
material} Kxg7 22. Nxe8+ Qxe8 23. Kxf1 Qe5 {I was considering this, but White
has great compensation in the endgame, even a pawn down.} (23... Bxh2 $5 {
is the computer suggestion} 24. bxc3 Bg3 25. Bg5 Qe5 26. Qxe5+ Bxe5 $17 {
now Black has decent chances, because the c3-pawn is very weak}) 24. Qxe5+ Bxe5
25. bxc3 Bxc3 26. Rb1 {Naturally, I was happy to play for a win with no risk,
but I wasn't confident about having great chances. The position is wide open
and my knight is a bad piece in this case; on the other hand, White's
light-squared bishop is a very strong one.} Re8 27. Kf2 b6 $15) 21... Re5 $1
$19 {with this intermediate move, White is lost} 22. Nf6+ (22. Bxd8 Rxf5 23.
Bxf5 Rxd8 24. Kxf1 cxb2 $19 {winning easily}) 22... Kxg7 23. Nh5+ (23. Bh6+ {
I was thinking about taking the bishop,. It looks like I wouldn't get mated}
Kxh6 24. Qh3+ Kg7 25. Qxh7+ Kxf6 (25... Kf8 {This was pretty much safe as well}
26. Rxf1 (26. Qh6+ Ke7 27. Rxf1 {Winning in many ways} Bc5+ 28. Kh1 Qd2 $19 {
for example}) 26... Bc5+ 27. Kh1 Qxf6 $1 28. Rxf6 Re1+ 29. Rf1 Rxf1#) 26. Rxf1+
Kg5 27. Qxf7 Bc5+ 28. Kh1 Qg8 $19 {followed by ...Kh6.}) 23... Kf8 $1 (23...
Kg8 $2 24. Nf6+ Kh8 25. Qh3 $1 $13) (23... Kh8 $4 24. Qxf7 $18) 24. Bh6+ Kg8
25. Nf6+ Kh8 26. Qxf1 cxb2 27. Rd1 Qe7 28. Ng4 Rc8 29. Bb1 Rh5 30. h3 Rxh6 {
A good practical decision.} 31. Nxh6 Qe3+ 32. Kh1 Qxh6 33. Qf6+ Qg7 34. Qxd6
Qe5 {Not bad at all, but ...Rc1 was way simpler.} (34... Rc1 35. Qd8+ {I
wanted to avoid this for some reason, but I can just play Nf8 and go back with
the knight later, or Qf8 followed by Kg8.} Qf8 36. Qd4+ Kg8 $19 {The whole
point is that the b2-pawn is safe as long as White can't attack it a second
time (as happened in the game, with the rook).}) 35. Qd2 Kg7 (35... Nf4 $1 $19
{with a strong attack taking advantage of the weaknesses around the white king.
But, during time trouble, it is not advisable to move your knight away from
your king!}) 36. Ba2 (36. Bxg6 hxg6 37. Rb1 {would win the pawn back, but the
endgame is very difficult after} Rc1+ $1 38. Rxc1 bxc1=Q+ 39. Qxc1 b5 $19 {
followed by a5, and the black king is safe so it's going to be really hard for
White to find counterplay.}) 36... Rc7 $6 (36... Nf4 $1 {with the same
attacking idea, was good enough} 37. Bxf7 Rc1 $1 $19) 37. Rf1 $6 (37. Rb1 $1 {
would complicate the matters} b6 38. Rxb2 (38. Qxb2 Qxb2 39. Rxb2 Rc3 $17 {
with excellent winning chances in the endgame.}) 38... Rc3 $36) 37... b6 38.
Rb1 Qc3 $6 (38... Nf4 $1 39. Rxb2 (39. Qxb2 Qxb2 40. Rxb2 Rc3 41. Rb3 (41. Bxf7
Kxf7 42. Rf2 Rc4 43. g3 Ke6 44. gxf4 Rc3 $19) (41. a4 Ra3 42. Bb3 Nd3 43. Rb1
Nc5 $19) 41... Rxb3 42. Bxb3 b5 $19) 39... Ne2 $1 {I saw this idea, but I
didn't know how to win after 40.Rb1} 40. Rb1 Rc3 $1 $19) 39. Rxb2 $2 (39. Qxb2
$1 Qxb2 40. Rxb2 Rc3 41. a4 {now the knight doesn't go to c5 quickly} Ra3 42.
Bb3 Ne5 $17 {The endgame still is amazing for Black, but there's work to be
done.}) 39... Qxa3 40. Qd4+ f6 $19 41. Rf2 Qc1+ 42. Kh2 Qc3 43. Qd8 Qe5+ 44. g3
Rc3 {Suddenly, White's king is weaker than the black one (always having h6
available).} 45. Qg8+ (45. Qd7+ Kh6 46. Qd2+ Qe3 47. Qxe3+ Rxe3 $19) 45... Kh6
46. Rg2 Rc1 {The cleanest move, Black forces the queen exchange, and wins with
the passed pawns.} 47. Qd5 Qe1 48. Qd2+ Qxd2 49. Rxd2 Ne5 50. Kg2 b5 51. Kf2 a5
52. Bd5 a4 53. Be4 a3 54. g4 Rc3 55. Bf5 Kg5 56. Rd8 b4 57. Rd4 a2 0-1

[Event "Blumenau Region-ch sf"]
[Site "Blumenau"]
[Date "2015.11.01"]
[Round "6"]
[White "Matsuura, Everaldo"]
[Black "Mekhitarian, Krikor Sevag"]
[Result "1/2-1/2"]
[WhiteElo "2486"]
[BlackElo "2551"]
[PlyCount "78"]
[EventDate "2015.10.30"]
[EventType "swiss"]
[EventRounds "7"]
[EventCountry "BRA"]
[SourceTitle "CBM 169 Extra"]
[Source "ChessBase"]
[SourceDate "2015.12.18"]
[SourceVersion "1"]
[SourceVersionDate "2015.12.18"]
[SourceQuality "1"]

1. e4 c5 2. Nf3 d6 3. d4 cxd4 4. Nxd4 Nf6 5. Nc3 a6 6. Be3 Ng4 7. Bc1 Nf6 8.
Be3 Ng4 9. Bg5 h6 10. Bh4 g5 11. Bg3 Bg7 12. h3 Ne5 13. f3 Nbc6 14. Bf2 Be6 15.
Qd2 Nxd4 16. Bxd4 Qa5 17. a3 Rc8 18. h4 Bc4 19. Qf2 Qc7 20. O-O-O Bxf1 21. Qxf1
Qc4 22. Qf2 b5 23. Kb1 Rg8 24. hxg5 hxg5 25. Nd5 Qc6 26. Rh7 e6 27. Nb4 Qb7 28.
Qg3 Bf6 29. Rh6 Ke7 30. Rxf6 Kxf6 31. f4 gxf4 32. Qxf4+ Ke7 33. Bxe5 dxe5 34.
Qxe5 Kf8 35. Qd6+ Ke8 36. Re1 Rd8 37. Qc5 Rc8 38. Qd6 Rd8 39. Qc5 Rc8 1/2-1/2

[Event "Blumenau Region-ch sf"]
[Site "Blumenau"]
[Date "2015.11.02"]
[Round "7"]
[White "Mekhitarian, Krikor Sevag"]
[Black "Barbosa, Evandro Amorim"]
[Result "1/2-1/2"]
[WhiteElo "2551"]
[BlackElo "2456"]
[PlyCount "24"]
[EventDate "2015.10.30"]
[EventType "swiss"]
[EventRounds "7"]
[EventCountry "BRA"]
[SourceTitle "CBM 169 Extra"]
[Source "ChessBase"]
[SourceDate "2015.12.18"]
[SourceVersion "1"]
[SourceVersionDate "2015.12.18"]
[SourceQuality "1"]

1. e4 c5 2. Nf3 e6 3. d4 cxd4 4. Nxd4 Nc6 5. Nc3 Qc7 6. g3 a6 7. Bg2 d6 8. O-O
Bd7 9. Re1 Be7 10. Nxc6 Bxc6 11. a4 Nf6 12. a5 O-O 1/2-1/2

[Event "BRA-ch 82nd"]
[Site "Rio de Janeiro"]
[Date "2016.01.10"]
[Round "2"]
[White "Santos, Marcus Vinicius M"]
[Black "Mekhitarian, Krikor Sevag"]
[Result "1/2-1/2"]
[WhiteElo "2367"]
[BlackElo "2555"]
[Annotator "Mekhitarian,K"]
[PlyCount "77"]
[EventDate "2016.01.09"]
[EventType "tourn"]
[EventRounds "9"]
[EventCountry "BRA"]
[SourceTitle "CBM 171"]
[Source "ChessBase"]
[SourceDate "2016.03.14"]
[SourceVersion "2"]
[SourceVersionDate "2016.03.14"]
[SourceQuality "1"]

1. d4 Nf6 2. c4 e6 3. Nc3 Bb4 4. e3 O-O 5. Nge2 Re8 6. a3 Bf8 {This was the
3rd time I had met my opponent in 5 months with this very same line. In the
first encounter, after facing a3, I chose Bd6, in the second game Be7, and now
Bf8. I guess I can't retreat the B any more :) This looked like an interesting
setup, Black wants to play d5 and b6, when the Bf8 and Re8 are ideally placed
in case White plays the standard cxd5.} 7. Ng3 d5 8. Be2 b6 9. O-O (9. cxd5 {
I was expecting this typical reaction - and a convincing win by Zhang Zong
left me confident that Black is doing more than ok} exd5 10. b4 a6 11. O-O Bb7
12. Bb2 Nbd7 13. Qb3 c6 $1 {Black wants to play b5-Nb6-Nc4 and a5, targetting
White's weak queenside.} 14. Bf3 (14. e4 $5 {By this move, White would intend
to play e5 and f4 right away, but Black can safely take on e4} dxe4 15. Bc4 Nd5
$1 16. Ncxe4 (16. Nxd5 cxd5 17. Bxd5 Bxd5 18. Qxd5 Nf6 $15) 16... N7f6 $11)
14... b5 15. e4 Nb6 16. e5 Nfd7 17. Rae1 Nc4 18. Bc1 a5 {White has
accomplished a lot in the centre, but Black's initiative is very strong} 19.
Bg4 axb4 20. axb4 Bc8 21. Qb1 Nb8 22. Bxc8 Qxc8 23. f4 Qa6 (23... Na6 24. Na2
$13) 24. f5 $2 {blundering the e5-pawn} (24. Nh5 $13 {I believe in Black's
chances, but the position would have remained very tense}) 24... Qb6 $1 25.
Nce2 Rxe5 $19 {0-1 (60) Moiseenko,A (2689)-Zhang,Z (2619) Doha 2015}) 9... Bb7
10. b4 Nbd7 11. Bb2 {If White delays cxd5 too much, I have to go for ...dxc4
and ...c5.} dxc4 12. Bxc4 c5 {I felt like my pieces had optimal squares and
was very happy with the outcome of the opening} 13. dxc5 bxc5 14. bxc5 (14. b5
{was a different approach, trying to create a strong majority on the queenside}
Qc7 $13 {with the idea of Ne5 and Rad8, the position remains complex.}) 14...
Nxc5 15. Qe2 Qa5 16. Nb5 Be7 (16... a6 $5 {was the critical move, I was scared
by} 17. Bxf6 axb5 18. Bxb5 gxf6 19. Bxe8 Rxe8 20. Nh5 Ne4 21. Rab1 $1 (21. Qg4+
Kh8 22. f3 f5 $1 {I felt happy to have seen this resource, but I couldn't find
out how to deal with 21.Rab1} 23. Qh3 Ng5 24. Qh4 Qd8 $13) 21... Bc6 {taking
care of the e8-square} (21... Ba8 22. Qg4+ $1 Kh8 23. f3 f5 24. Qh4 Be7 $4 25.
Qxe7 $1 {I had not seen this tactical idea, but I felt Rab1 would be useful
somewhere} Rxe7 26. Rb8+ $18 {with mate to follow}) 22. Rfc1 (22. Qg4+ Kh8 23.
f3 f5 24. Qh3) 22... Bc5 $1 {the toughest defence} (22... Rc8 $2 23. Qg4+ Qg5 (
23... Kh8 24. Rxc6 Rxc6 25. Qg7+ $3 Bxg7 26. Rb8+ $18 {and mate}) 24. Nxf6+ $1
Kg7 25. Qxg5+ Nxg5 26. Nh5+ Kh6 27. Ng3 $18 {Now White wins a piece here by
force. The threat now is either 28.h4! (trapping the knight) or 28.Rb6 Bd7 29.
Rxc8 Bxc8 30.Rb8}) (22... Ba8 $5 23. Qg4+ Kh8 24. f3 Qxa3 $1 (24... f5 $6 25.
Qh4 Be7 $4 26. Qxe7 $1 $18) 25. fxe4 Qxe3+ 26. Kh1 Qxe4 27. Qxe4 Bxe4 28. Nxf6
Bxb1 29. Nxe8 $14) 23. f3 Qxa3 24. fxe4 Bxe3+ 25. Kh1 Bxc1 26. Qg4+ Kf8 27.
Qg7+ Ke7 28. Qxf6+ {now both Kd7 and Kf8 force White to give perpetual.} Kf8
29. Qh8+ Ke7 30. Qf6+ Kd7 31. Qd4+ Ke7 $11) 17. Be5 Ncd7 18. Bc7 Qa4 $2 (18...
Nb6 $1 $11 {with equality, Rac8 is coming}) 19. Nd4 $1 {I totally missed this,
now my queen is being trapped with Bb5.} Nc5 $1 {By sheer luck, I get away
with only losing a pawn, and also end up with decent compensation in the
endgame. The next moves are forced.} (19... a6 $2 20. Bb3 $1 $18 {since I lose
the a6-square.}) 20. Bb5 Ba6 21. Bxa4 Bxe2 22. Bxe8 Bxf1 23. Bxf7+ Kxf7 24.
Nxf1 Nd5 (24... Rc8 $5 25. Bg3 Nce4 $44 {the a3-pawn is a clear target.}) 25.
Bg3 (25. Ba5 $5 e5 26. Nf5 Bf8 $44 (26... Nb3 $2 27. Rd1 $1 $16)) 25... Bf6 {
White has some options now.} 26. Rc1 $5 (26. Nd2 Nc3 27. Kf1 Nd3 28. Nc4 $14 {
a funny-looking position with the knights in the shape of a square, but it was
definitely more interesting for White than in the game.}) (26. Rb1 Nc3 27. Rb4
e5 28. Nc6 Ke6 $44 {and it's hard to say what's going on.}) 26... Bxd4 27. exd4
Nb3 28. Rc4 (28. Rb1 Nxd4 29. Be5 Ne2+ 30. Kh1 g5 $14 {Black survives after
Kg6 and remains in the game.}) 28... Rd8 29. Be5 $6 (29. Ne3 $5 {the
difference is that Black doesn't have Nb6 now (as in the game, after I had
time to play 29...Rd7).} Rd7 30. Ng4 $5 (30. Nxd5 exd5 31. Rb4 Na5 32. Be5 Nc6
$132) 30... Nb6 31. Ne5+ Ke8 32. Rc3 Nxd4 (32... Rxd4 33. h4 $5 $36 {looks
scary for Black, with these weirdly placed knights.}) 33. Nxd7 Ne2+ 34. Kf1
Nxc3 35. Nxb6 axb6 36. Be5 Nb1 37. a4 Nd2+ 38. Ke2 Nb3 39. Kd3 (39. Bd6 b5 $1 {
exchanging this important pawn.} 40. axb5 Nd4+ 41. Kd3 Nxb5 42. Be5 Kf7 $11)
39... Nc5+ 40. Kc4 Nxa4 41. Bxg7 $16 {with a bizarre endgame, it feels like
Black should hold the draw.}) 29... Rd7 30. Ne3 Nb6 31. Rb4 Na5 {Now ...Nc6
will be very annoying.} 32. Rb5 Nc6 33. Nc2 Nc4 (33... Nxe5 {was another way
to defend} 34. Rxe5 Nd5 35. g3 (35. Ne3 Ne7 $1 $11) 35... Rc7 36. Ne3 Nxe3 (
36... Rc3 37. Nxd5 exd5 38. Rxd5 Rxa3 39. h4 $14) 37. fxe3 Rc3 38. a4 Ra3 $14 {
feels like a draw.}) 34. f4 (34. g3 {would be the last chance to keep on
playing} N6xe5 35. dxe5 Rc7 $1 {threatening ...Nxe5.} (35... Rd2 $6 {was my
idea during the game} 36. Nb4 $1 $16 {and White has Nc6 coming, both to take
on a7, and to help the attack against the black king.}) 36. Nd4 Nxa3 37. Ra5
Nc4 38. Ra6 Nxe5 39. Nxe6 Re7 40. Ng5+ Kg8 $11) 34... N4xe5 35. fxe5 Nxd4 $11
36. Nxd4 Rxd4 37. Ra5 Rd5 38. Rxa7+ Kg6 39. a4 1/2-1/2

[Event "Florianopolis op 2nd"]
[Site "Florianopolis"]
[Date "2016.01.17"]
[Round "3"]
[White "Mekhitarian, Krikor Sevag"]
[Black "Fajardo Freire, Joao Alfredo Castel"]
[Result "1-0"]
[WhiteElo "2555"]
[BlackElo "1813"]
[PlyCount "31"]
[EventDate "2016.01.16"]
[EventType "swiss"]
[EventRounds "10"]
[EventCountry "BRA"]
[SourceTitle "CBM 170 Extra"]
[Source "ChessBase"]
[SourceDate "2016.02.25"]
[SourceVersion "1"]
[SourceVersionDate "2016.02.25"]
[SourceQuality "1"]

1. e4 c5 2. Nf3 e6 3. d4 cxd4 4. Nxd4 Nc6 5. Nc3 Qc7 6. Be3 a6 7. Qd2 Nf6 8. f4
Bb4 9. Bd3 e5 10. Nf5 O-O 11. fxe5 Nxe5 12. Bd4 g6 13. Qg5 Ne8 14. Bxe5 f6 15.
Bd4 Bc5 16. Nh6+ 1-0

[Event "Florianopolis op 2nd"]
[Site "Florianopolis"]
[Date "2016.01.18"]
[Round "4"]
[White "Bastos, Guilherme Exterhott"]
[Black "Mekhitarian, Krikor Sevag"]
[Result "0-1"]
[WhiteElo "1968"]
[BlackElo "2555"]
[PlyCount "72"]
[EventDate "2016.01.16"]
[EventType "swiss"]
[EventRounds "10"]
[EventCountry "BRA"]
[SourceTitle "CBM 170 Extra"]
[Source "ChessBase"]
[SourceDate "2016.02.25"]
[SourceVersion "1"]
[SourceVersionDate "2016.02.25"]
[SourceQuality "1"]

1. d4 Nf6 2. Bf4 g6 3. Nf3 Bg7 4. c3 O-O 5. h3 d6 6. Nbd2 Nfd7 7. Bh2 e5 8.
dxe5 dxe5 9. e4 Qe7 10. Bc4 a5 11. a3 a4 12. O-O Nc5 13. Qc2 c6 14. Rfd1 Kh8
15. Bd3 Nbd7 16. Nc4 Nxd3 17. Qxd3 f6 18. Qe3 Qc5 19. Qxc5 Nxc5 20. Nb6 Rb8 21.
Nxc8 Rbxc8 22. Nd2 Bh6 23. Nc4 Rcd8 24. f3 Nb3 25. Rxd8 Rxd8 26. Re1 b5 27. Ne3
Rd2 28. Ng4 Bg7 29. Rb1 h5 30. Nf2 Bf8 31. f4 Bc5 32. Rf1 Rxf2 33. Rxf2 Nd2 34.
Bg3 Nxe4 35. Bh4 exf4 36. Kf1 Bxf2 0-1

[Event "Florianopolis op 2nd"]
[Site "Florianopolis"]
[Date "2016.01.19"]
[Round "5"]
[White "Mekhitarian, Krikor Sevag"]
[Black "Florianovitz, Derlei Alex"]
[Result "1-0"]
[WhiteElo "2555"]
[BlackElo "2110"]
[PlyCount "55"]
[EventDate "2016.01.16"]
[EventType "swiss"]
[EventRounds "10"]
[EventCountry "BRA"]
[SourceTitle "CBM 170 Extra"]
[Source "ChessBase"]
[SourceDate "2016.02.25"]
[SourceVersion "1"]
[SourceVersionDate "2016.02.25"]
[SourceQuality "1"]

1. e4 e5 2. Nf3 Nc6 3. Bb5 a6 4. Ba4 Nf6 5. O-O b5 6. Bb3 Be7 7. d3 O-O 8. a4
b4 9. Nbd2 d6 10. a5 Nd7 11. Bd5 Bb7 12. Bc4 Nd4 13. Nxd4 exd4 14. Nf3 Bf6 15.
Bf4 Ne5 16. Nxe5 dxe5 17. Bd2 Qd6 18. f4 Qc5 19. Qe1 exf4 20. Bxb4 Qg5 21. Bd2
Be5 22. Qf2 g6 23. Bxf4 Bxf4 24. Qxf4 Qxf4 25. Rxf4 Kg7 26. e5 Rad8 27. Raf1
Bc8 28. Rxf7+ 1-0

[Event "Florianopolis op 2nd"]
[Site "Florianopolis"]
[Date "2016.01.19"]
[Round "6"]
[White "Dejeanne, Francisco Horacio"]
[Black "Mekhitarian, Krikor Sevag"]
[Result "0-1"]
[WhiteElo "2249"]
[BlackElo "2555"]
[PlyCount "78"]
[EventDate "2016.01.16"]
[EventType "swiss"]
[EventRounds "10"]
[EventCountry "BRA"]
[SourceTitle "CBM 170 Extra"]
[Source "ChessBase"]
[SourceDate "2016.02.25"]
[SourceVersion "1"]
[SourceVersionDate "2016.02.25"]
[SourceQuality "1"]

1. d4 Nf6 2. c4 g6 3. Nc3 d5 4. cxd5 Nxd5 5. e4 Nxc3 6. bxc3 c5 7. Bc4 Bg7 8.
Ne2 O-O 9. O-O Nc6 10. Be3 Bg4 11. f3 Bd7 12. Qd2 Qa5 13. Qb2 Rab8 14. a4 Qc7
15. Rfc1 Na5 16. Bd3 e5 17. d5 c4 18. Bc2 b6 19. Rcb1 f5 20. Kh1 f4 21. Bf2 Rf7
22. Ng1 g5 23. Rf1 Bf8 24. g4 h5 25. h3 Rh7 26. Kg2 Bd6 27. Ra2 Rf8 28. Bd1 Rf6
29. Re1 Rfh6 30. Kf1 Qc8 31. Re2 hxg4 32. hxg4 Rh1 33. Rd2 Qf8 34. Be1 Rxg1+
35. Kxg1 Bc5+ 36. Rf2 Qh6 37. Kf1 Qh1+ 38. Ke2 Rh2 39. Qd2 Bxg4 0-1

[Event "Florianopolis op 2nd"]
[Site "Florianopolis"]
[Date "2016.01.21"]
[Round "9"]
[White "Mekhitarian, Krikor Sevag"]
[Black "Matsuura, Frederico"]
[Result "0-1"]
[WhiteElo "2555"]
[BlackElo "2321"]
[PlyCount "66"]
[EventDate "2016.01.16"]
[EventType "swiss"]
[EventRounds "10"]
[EventCountry "BRA"]
[SourceTitle "CBM 170 Extra"]
[Source "ChessBase"]
[SourceDate "2016.02.25"]
[SourceVersion "1"]
[SourceVersionDate "2016.02.25"]
[SourceQuality "1"]

1. e4 g6 2. d4 Bg7 3. Nc3 c6 4. f4 d5 5. e5 Nh6 6. Nf3 f6 7. Be3 Bg4 8. Be2 Nd7
9. O-O O-O 10. h3 Nf5 11. Bf2 Bxf3 12. Bxf3 fxe5 13. dxe5 e6 14. Ne2 c5 15. c4
d4 16. b4 Qe7 17. b5 Rad8 18. Be4 g5 19. g4 Ne3 20. Bxe3 dxe3 21. Qc2 gxf4 22.
Rad1 Qh4 23. Bg2 Nxe5 24. Nxf4 Rxd1 25. Qxd1 Nxc4 26. Nxe6 Rf2 27. Qd3 e2 28.
Rb1 Ne5 29. Qd5 Nf3+ 30. Bxf3 Qg3+ 31. Bg2 Rxg2+ 32. Qxg2 e1=Q+ 33. Rxe1 Qxe1+
0-1

[Event "Florianopolis op 2nd"]
[Site "Florianopolis"]
[Date "2016.01.22"]
[Round "10"]
[White "Araujo, Jose Roberto"]
[Black "Mekhitarian, Krikor Sevag"]
[Result "0-1"]
[WhiteElo "2156"]
[BlackElo "2555"]
[PlyCount "76"]
[EventDate "2016.01.16"]
[EventType "swiss"]
[EventRounds "10"]
[EventCountry "BRA"]
[SourceTitle "CBM 170 Extra"]
[Source "ChessBase"]
[SourceDate "2016.02.25"]
[SourceVersion "1"]
[SourceVersionDate "2016.02.25"]
[SourceQuality "1"]

1. d4 Nf6 2. c4 g6 3. Nc3 d5 4. Bf4 Bg7 5. e3 O-O 6. Rc1 c5 7. dxc5 Be6 8. Nf3
Nc6 9. Be2 Ne4 10. Nd4 Nxd4 11. exd4 Nxc3 12. bxc3 dxc4 13. Qa4 Bd5 14. O-O Qe8
15. Qxe8 Rfxe8 16. Bf3 Bxf3 17. gxf3 e5 18. dxe5 Bxe5 19. Bxe5 Rxe5 20. Rb1
Rg5+ 21. Kh1 Rb8 22. c6 b6 23. Rfd1 Rc8 24. Rd6 Rc5 25. Rd7 R8xc6 26. Rxa7 Rf6
27. f4 Rxf4 28. Kg2 Rg5+ 29. Kf1 Rh5 30. Kg2 b5 31. a4 bxa4 32. Rbb7 Rg5+ 33.
Kf1 Rf3 34. Rxa4 Rxc3 35. Rc7 Rc1+ 36. Ke2 Rc2+ 37. Ke3 Re5+ 38. Kd4 Rf5 0-1